000 00324nam a22001457a 4500
008 230831b ||||| |||| 00| 0 eng d
020 _a9781566199544
041 _aeng
080 _a101
082 _a101MAZ
100 _a40
101 _aFILO
245 _aGREEK MATHEMATICAL PHILOSOPHY
_cMAZIARZ.A.E
942 _2udc
_cBK
999 _c60223
_d60223